| 000 | 01267cad a2200217 4500 | ||
|---|---|---|---|
| 001 | L158554 | ||
| 008 | 110505u2014 000 0 eng u | ||
| 035 | _a(Sirsi) u158554 | ||
| 041 | 0 | _aeng | |
| 110 | 2 |
_aConstruction Industry Council _92417 |
|
| 245 |
_aBuil environment 2050 _bA report on our digital future _h[electronic resource] |
||
| 260 |
_aLondon _bConstruction Industry Council _c2014 |
||
| 520 | _aIllustrates the need for organisations to consider new skills, new processes and develop strategies around emerging technologies that will ensure that the UK stays at the vanguard of construction in a digital future. The report comprises a compilation of essays authored by BIM2050 work stream leads, and focuses on three key areas education and skills, technology and process and the culture of integration. It highlights the risks and challenges, and the opportunities and benefits that come with large scale innovation and game-changing new technologies. | ||
| 590 | _aKA NTK | ||
| 650 | _aTECHNOLOGY | ||
| 650 | 2 | 4 | _aINTEGRATION |
| 650 | _aCAREERS, EDUCATION AND TRAINING | ||
| 651 | 4 |
_aUnited Kingdom _y |
|
| 856 | 4 | 0 |
_uhttps://cic.org.uk/download.php?f=be2050-cic-bim2050-2014-1.pdf _zView this item free of charge at www.cic.org.uk |
| 942 | _n0 | ||
| 999 |
_c115379 _d115379 |
||